Μαθηματικά Γ' λυκείου

Αποθηκεύτηκε σε:
Λεπτομέρειες βιβλιογραφικής εγγραφής
Κύριος συγγραφέας: Ανδρεαδάκης, Στυλιανός Α., 1933-
Συγγραφή απο Οργανισμό/Αρχή: Υπουργείο Εθνικής Παιδείας και Θρησκευμάτων Παιδαγωγικό Ινστιτούτο
Άλλοι συγγραφείς: Μέτης, Στέφανος, Κατσαργύρης, Βασίλειος
Μορφή: Βιβλίο
Γλώσσα:Greek
Δημοσίευση: Αθήνα : Οργανισμός Εκδόσεως Διδακτικών Βιβλίων, 1995.
Έκδοση:3η έκδ.
Θέματα:
Ετικέτες: Προσθήκη ετικέτας
Δεν υπάρχουν, Καταχωρήστε ετικέτα πρώτοι!

MARC

LEADER 00000cam a2200000 i 4500
001 1/48699
008 941103s1995 gr | ||| |||| ||gre||
020 |a 9600604525 
035 |a 1995  |c ΔΩΡΕΑ  |l 10043409 
040 |a GR-MyUA  |b gre  |e AACR2 
041 0 |a gre 
082 0 |a 515.0712 
100 1 |a Ανδρεαδάκης, Στυλιανός Α.,   |d 1933- 
245 1 0 |a Μαθηματικά Γ' λυκείου /   |c Σ. Ανδρεαδάκης...[κ.α.].  
250 |a 3η έκδ.  
260 |a Αθήνα :   |b Οργανισμός Εκδόσεως Διδακτικών Βιβλίων,   |c 1995.  
300 |a 303 σ. ;   |c 24 εκ.  
500 |a (2ης και 4ης δέσμης) 
650 0 0 |a Mathematical analysis. 
700 1 |a Μέτης, Στέφανος. 
700 1 |a Κατσαργύρης, Βασίλειος. 
710 2 |a Υπουργείο Εθνικής Παιδείας και Θρησκευμάτων  |b Παιδαγωγικό Ινστιτούτο. 
852 |a INST  |b SAMOS  |e 19941103  |h 515.0712 ΜΑΘ  |p 005300004459  |q 005300004459  |t BK  |y 0 
909 |a Σ  |b 020464